000 00640nam a2200193Ia 4500
003 OSt
005 20230622141654.0
008 210423s1984 xx 000 0 und d
040 _cAL
082 _a340
_223
_bGOVK
245 _aKarnataka zilla parishads taluk panchayat samittis mandal panchyat and nyaya panchyats act 1983
260 _aNew Delhi
_bGovernment Of Karnataka
_c1984
300 _bPB
365 _b8.5
_cINR
650 _aLaw
_9115954
650 _aSocial Sciences
_9115955
906 _a1983 ; act ; Karnataka ; mandal ; nyaya ; panchayat ; panchyat ; panchyats ; parishads ; samittis ; taluk ; zilla
942 _2ddc
_cBK
999 _c174442
_d174442